Présentation (notice n° 1586304)
[ vue normale ]
| 000 -LEADER | |
|---|---|
| fixed length control field | 02156cam a2200181 4500500 |
| 005 - DATE AND TIME OF LATEST TRANSACTION | |
| control field | 20251228054851.0 |
| 041 ## - LANGUAGE CODE | |
| Language code of text/sound track or separate title | fre |
| 042 ## - AUTHENTICATION CODE | |
| Authentication code | dc |
| 100 10 - MAIN ENTRY--PERSONAL NAME | |
| Personal name | Léné, Alexandre |
| Relator term | author |
| 245 00 - TITLE STATEMENT | |
| Title | Présentation |
| 260 ## - PUBLICATION, DISTRIBUTION, ETC. | |
| Date of publication, distribution, etc. | 2005.<br/> |
| 500 ## - GENERAL NOTE | |
| General note | 39 |
| 520 ## - SUMMARY, ETC. | |
| Summary, etc. | L’explosion du thème de la société de la communication cache une série d’importantes lacunes analytiques, surtout en ce qui concerne son articulation avec les problèmes scolaires. C’est en partant de ce constat qu’a été conçu ce dossier, comme une discussion dépassionnée, à l’épreuve des faits, de certains points litigieux ou obscurs. Quatre d’entre eux sont notamment abordés : un retour critique sur la notion de savoir dans une société de la connaissance ; les défis que les technologies de l’information et de la communication posent à la forme scolaire ; les relations entre les connaissances scolaires ou les diplômes et l’insertion professionnelle ; enfin, les possibilités et les limites d’une politique active de formation continue pour une réforme de l’État-providence. |
| 520 ## - SUMMARY, ETC. | |
| Summary, etc. | The knowledge society and school : grounds for debate The society of communication, a currently highly successful topic, overlooks a number of crucial analytical points, especially its relation with the school agenda. This fact provided the basis for this survey of some contentious or obscure points. Four of them are tackled in particular : a critical analysis of the notion of knowledge in a knowledge society ; the challenges that the school system faces on account of the information and communication technologies (ICT) ; the relations between school knowledge or degrees and professional integration ; finally, the opportunities and the limits of an active policy of continuing education for a reform of the welfare state. Producing knowledge in the knowledge society: what role for the educational system? |
| 700 10 - ADDED ENTRY--PERSONAL NAME | |
| Personal name | Martuccelli, Danilo |
| Relator term | author |
| 786 0# - DATA SOURCE ENTRY | |
| Note | Éducation et Sociétés | 15 | 1 | 2005-03-01 | p. 5-17 | 1373-847X |
| 856 41 - ELECTRONIC LOCATION AND ACCESS | |
| Uniform Resource Identifier | <a href="https://shs.cairn.info/revue-education-et-societes-2005-1-page-5?lang=fr&redirect-ssocas=7080">https://shs.cairn.info/revue-education-et-societes-2005-1-page-5?lang=fr&redirect-ssocas=7080</a> |
Pas d'exemplaire disponible.




Réseaux sociaux